000 02873nam a22006617a 4500
001 12142125
003 LIBRIS
005 20210426100238.0
008 110414s2008 nyu b 001 0 eng
010 _a 2007030233
020 _a9781400066421 (alk. paper)
020 _a1400066425 (alk. paper)
020 _a9780812977875 (pbk.)
035 _a14942027
035 _a(OCoLC)ocn159822206
035 _a(OCoLC)159822206
_z(OCoLC)154799952
040 _aDLC
_cDLC
_dBAKER
_dBTCTA
_dYDXCP
_dC#P
_dDLC
_dKd
_beng
041 _aeng
050 0 0 _aHB74.P8
_bH375 2008
080 _a33
_bH-25
082 0 0 _a339
_222
084 _aQaa
_2kssb/8 (machine generated)
100 1 _aHarford, Tim,
_d1973-
245 1 4 _aThe logic of life :
_bthe rational economics of an irrational world /
_c/ by: Random House
250 _a1st edition
260 _aNew York
_bRandom House
_cc2008.
300 _axiv, 255 p.
_c25 cm.
365 _b25 usd
504 _aIncludes bibliographical references (p. [217]-244) and index.
505 0 _aIntroducing the logic of life -- Las Vegas -- Is divorce underrated? -- Why your boss is overpaid -- In the neighbourhood -- The dangers of rational racism -- The world is spiky -- Rational revolutions -- A million years of logic.
650 7 _aNationalekonomi
_xpsykologiska aspekter
_2sao
650 7 _aEkonomiska teorier
_2sao
_0143977
650 0 _aEconomics
_xPsychological aspects.
650 0 _aRational expectations (Economic theory)
650 0 _aEconomics
650 0 _aSchools of economics
653 _aეკონომიკა
856 4 1 _3Table of contents only
_uhttp://www.loc.gov/catdir/toc/ecip0723/2007030233.html
856 4 2 _3Contributor biographical information
_uhttp://www.loc.gov/catdir/enhancements/fy0826/2007030233-b.html
856 4 2 _3Publisher description
_uhttp://www.loc.gov/catdir/enhancements/fy0826/2007030233-d.html
856 4 1 _3Sample text
_uhttp://www.loc.gov/catdir/enhancements/fy0826/2007030233-s.html
942 _2udc
_cBK
_e1
999 _c1291
_d1291